• 首页
  • 本馆介绍
  • 公告通知
  • 最新文献
  • 馆藏检索
  • 电子资源
  • 读者导购
  • 参考咨询
  • 我的图书馆
  • 登录
  • 详细信息显示
  • 放入我的书架
  • 预约/预借图书
  • 作者相关作品
  • 分类相关作品
  • 丛书相关作品
  • 出版社相关作品

书目信息

  • 表格格式
  • 工作单格式
  • 卡片格式
题名:
不断提高五个方面的执政能力
    
 
作者: 周永学 , 王兴中 主编
分册:  
出版信息: 北京   光华智源管理科学研究院《党政周刊编辑部》  2003
页数: 115页
开本: 20cm
丛书名:
单 册:
中图分类: D25
科图分类:
主题词: 中国共产党
电子资源:
ISBN:
000 00662nam0 2200205 450
001 0754662439
005 20070929151329.01
010    @dCNY10.00
100    @a20070929d2003 km y0chiy0120 ea
101 0  @achi
102    @aCN@b110000
200 1  @a不断提高五个方面的执政能力@Abu duan ti gao wu ge fang mian di zhi zheng neng li@f周永学,王兴中主编@Fzhou yong xue,wang xing zhong zhu bian
210    @a北京@c光华智源管理科学研究院《党政周刊编辑部》@d2003
215    @a115页@d20cm
606 0  @a中国共产党
690    @aD25@v3
701  0 @a周永学@Azhou yong xue@4主编
701  0 @a王兴中@Awang xing zhong@4主编
801  0 @aCN@bPFT@c20070929
905    @a10447@dD25@e192
    
    不断提高五个方面的执政能力/周永学,王兴中主编.-北京:光华智源管理科学研究院《党政周刊编辑部》,2003
    115页;20cm
    
    
    ISBN :CNY10.00
    
●
相关链接 在E读中查询图书 在五车中查询图书 在当当中查询图书 在豆瓣中查询图书


正题名:不断提高五个方面的执政能力     索取号:D25/192         预约/预借

序号 登录号 条形码 馆藏地/架位号 状态 备注
1 789787   207897873   第一样本阅览室/ [索取号:D25/192] 在馆    
2 789788   207897882   密集书库/ [索取号:D25/192] 在馆    
3 789789   207897891   密集书库/ [索取号:D25/192] 在馆    
唐山师范学院图书馆 欢迎您!
大连网信软件有限公司© 版权所有